Electro-plating and anodising, (Record no. 548672)
[ view plain ]
| 000 -LEADER | |
|---|---|
| fixed length control field | 00707cam a22001931 4500 |
| 082 ## - DEWEY DECIMAL CLASSIFICATION NUMBER | |
| Classification number | 671.732 |
| Author Mark | ELE |
| -- | L-11, P-2 |
| 100 1# - MAIN ENTRY--PERSONAL NAME | |
| Personal name | Molloy, Edward, |
| 245 10 - TITLE STATEMENT | |
| Title | Electro-plating and anodising, |
| Remainder of title | covering gold, silver, nickel, copper, chromium, cadmium, tin, lead and zinc plating. Also anodising and aluminium plating. |
| 250 ## - EDITION STATEMENT | |
| Edition statement | [4th ed.] |
| 260 ## - PUBLICATION, DISTRIBUTION, ETC. | |
| Place of publication, distribution, etc. | London, |
| Name of publisher, distributor, etc. | G. Newnes |
| Date of publication, distribution, etc. | [1948] |
| 300 ## - PHYSICAL DESCRIPTION | |
| Extent | viii, 232 p. |
| Other physical details | illus. |
| Dimensions | 19 cm. |
| 490 0# - SERIES STATEMENT | |
| Series statement | Newnes' Electrical engineer series, |
| 500 ## - GENERAL NOTE | |
| General note | First ed. by J. Rosslyn; general editor, E. Molloy. |
| 526 ## - STUDY PROGRAM INFORMATION NOTE | |
| Program name | 0 |
| Interest level | 0 |
| Reading level | 0 |
| Title point value | 671_732000000000000_ELE |
| 650 #0 - SUBJECT ADDED ENTRY--TOPICAL TERM | |
| Topical term or geographic name entry element | Electroplating. |
| 9 (RLIN) | 45059 |
| 650 #0 - SUBJECT ADDED ENTRY--TOPICAL TERM | |
| Topical term or geographic name entry element | MCE |
| 9 (RLIN) | 379 |
| 700 1# - ADDED ENTRY--PERSONAL NAME | |
| Personal name | Rosslyn, J. |
| 9 (RLIN) | 45070 |
| 942 ## - ADDED ENTRY ELEMENTS (KOHA) | |
| Source of classification or shelving scheme | |
| Koha item type | Book |
| Withdrawn status | Lost status | Source of classification or shelving scheme | Damaged status | Not for loan | Permanent Location | Current Location | Date acquired | Total Checkouts | Full call number | Barcode | Date last seen | Price effective from | Koha item type |
|---|---|---|---|---|---|---|---|---|---|---|---|---|---|
| Military College of Engineering (MCE) | Military College of Engineering (MCE) | 09/04/2014 | 671.732 ELE | MCE-40821 | 09/04/2014 | 09/04/2014 | Book |
